[Event "SC Klein-Berlin Rheine 1 - SK Bocholt 1"]
[Site "Regionalliga Münsterland 2019"]
[Date "2020.02.01"]
[Round "6.6"]
[White "Bruemmer, Andreas"]
[Black "Murina, Reinhard"]
[Result "1-0"]
[WhiteElo "1917"]
[BlackElo "1925"]
[PlyCount "120"]
[EventDate "2020.??.??"]
[SourceDate "2020.02.09"]

1. d4 Nf6 2. c4 c5 3. d5 b5 4. cxb5 a6 5. b6 d6 6. Nc3 Qxb6 7. e4 g6 8. Be2 Bg7
9. Nf3 O-O 10. O-O Ne8 11. Nd2 Nc7 12. Nc4 Qa7 13. a4 a5 14. Bg5 Re8 15. Nb5
Qb7 16. Qd2 Nxb5 17. axb5 a4 18. Na5 Qc7 19. Rxa4 c4 20. Rfa1 c3 21. Qc2 Nd7
22. bxc3 Qxc3 23. Qxc3 Bxc3 24. Nc6 Bb7 25. Rxa8 Bxa8 26. Ra7 Nc5 27. Nxe7+ Kg7
28. Be3 Nxe4 29. b6 Bf6 30. Nc6 Nc3 31. Bc4 Nd1 32. g3 Nxe3 33. fxe3 Bg5 34.
Rxa8 Bxe3+ 35. Kg2 Rxa8 36. b7 Rf8 37. Kf3 Bc5 38. b8=Q Rxb8 39. Nxb8 Ba3 40.
Nc6 Kf6 41. Bd3 Bc5 42. Ba6 Ba3 43. Bc8 Bc5 44. Ke4 Bg1 45. h3 h5 46. Na5 Bc5
47. Nc4 Ke7 48. Kf4 Kf6 49. g4 hxg4 50. hxg4 Bb4 51. Ba6 Ke7 52. Bb5 Bc3 53.
Ba4 Be1 54. Bc2 Bf2 55. Kg5 Bd4 56. Bxg6 fxg6 57. Kxg6 Bc5 58. g5 Kf8 59. Kh7
Ke7 60. g6 Bd4 1-0

[Event "SC Klein-Berlin Rheine 1 - SK Bocholt 1"]
[Site "Regionalliga Münsterland 2019"]
[Date "2020.02.01"]
[Round "6.8"]
[White "Miethe, Christoph"]
[Black "Stanik, Hans"]
[Result "1-0"]
[WhiteElo "1771"]
[BlackElo "2037"]
[PlyCount "41"]
[EventDate "2020.??.??"]
[SourceDate "2020.02.09"]

1. e4 d6 2. d4 Nf6 3. Nc3 c6 4. f4 Qa5 5. Bd3 e5 6. fxe5 dxe5 7. dxe5 Ng4 8. h3
Nxe5 9. Nf3 Nbd7 10. Nxe5 Nxe5 11. O-O Bc5+ 12. Kh1 Nxd3 13. cxd3 Bb4 14. Bd2
Qd8 15. Qb3 Qe7 16. Nd5 cxd5 17. Bxb4 Qe5 18. exd5 Qh5 19. Rae1+ Kd8 20. Be7+
Kc7 21. Qc4+ 1-0

[Event "SG Ahaus-Wessum 1 - SG Turm Raesfeld/Er"]
[Site "Regionalliga Münsterland 2019"]
[Date "2020.02.01"]
[Round "6.2"]
[White "Rosing, Hermann"]
[Black "Tuente, Marcel"]
[Result "1/2-1/2"]
[WhiteElo "1977"]
[BlackElo "1847"]
[PlyCount "21"]
[EventDate "2020.??.??"]
[SourceDate "2020.02.09"]

1. e4 e5 2. Nf3 Nc6 3. d4 exd4 4. Nxd4 Bc5 5. Nxc6 Qf6 6. Qe2 Qxc6 7. Nc3 d6 8.
Qf3 a6 9. Bd3 Be6 10. O-O O-O-O 11. Be3 1/2-1/2

[Event "SG Ahaus-Wessum 1 - SG Turm Raesfeld/Er"]
[Site "Regionalliga Münsterland 2019"]
[Date "2020.02.01"]
[Round "6.3"]
[White "Kadenbach, Wolfgang"]
[Black "Diehlmann, Christian"]
[Result "1/2-1/2"]
[WhiteElo "1775"]
[BlackElo "1936"]
[PlyCount "29"]
[EventDate "2020.??.??"]
[SourceDate "2020.02.09"]

1. d4 Nf6 2. c4 e6 3. Nf3 b6 4. Bg5 Be7 5. Nc3 Bb7 6. e3 d5 7. Bxf6 Bxf6 8.
cxd5 exd5 9. Bd3 O-O 10. Rc1 Nd7 11. h4 Re8 12. g4 c5 13. g5 Bxd4 14. Nxd4 cxd4
15. Bxh7+ 1/2-1/2

[Event "SG Ahaus-Wessum 1 - SG Turm Raesfeld/Er"]
[Site "Regionalliga Münsterland 2019"]
[Date "2020.02.01"]
[Round "6.4"]
[White "Winking, Hendrik"]
[Black "Fasselt, Hendrik"]
[Result "1/2-1/2"]
[WhiteElo "1937"]
[BlackElo "1836"]
[PlyCount "30"]
[EventDate "2020.??.??"]
[SourceDate "2020.02.09"]

1. d4 d5 2. c4 e6 3. Nf3 Nf6 4. Nc3 Be7 5. Bg5 c6 6. e3 h6 7. Bh4 O-O 8. Bd3
dxc4 9. Bxc4 b5 10. Bd3 Nbd7 11. O-O Bb7 12. a3 a6 13. b4 Nd5 14. Bxe7 Qxe7 15.
Rc1 a5 1/2-1/2

[Event "SG Ahaus-Wessum 1 - SG Turm Raesfeld/Er"]
[Site "Regionalliga Münsterland 2019"]
[Date "2020.02.01"]
[Round "6.5"]
[White "Broemmel, Chris"]
[Black "Ter Horst, Carsten"]
[Result "1/2-1/2"]
[WhiteElo "1808"]
[BlackElo "1897"]
[PlyCount "24"]
[EventDate "2020.??.??"]
[SourceDate "2020.02.09"]

1. e4 c5 2. Nf3 d6 3. c3 Nf6 4. Qc2 g6 5. d4 cxd4 6. cxd4 Bg7 7. Nc3 Nc6 8. Bb5
O-O 9. O-O Bg4 10. Bxc6 bxc6 11. Nd2 Rb8 12. b3 Qb6 1/2-1/2

[Event "SG Ahaus-Wessum 1 - SG Turm Raesfeld/Er"]
[Site "Regionalliga Münsterland 2019"]
[Date "2020.02.01"]
[Round "6.6"]
[White "Terdues, Guido"]
[Black "Boelker, Franz"]
[Result "1/2-1/2"]
[WhiteElo "1716"]
[BlackElo "1762"]
[PlyCount "20"]
[EventDate "2020.??.??"]
[SourceDate "2020.02.09"]

1. f4 b6 2. Nf3 Bb7 3. e3 Nf6 4. b3 e6 5. Bb2 Be7 6. Be2 c5 7. O-O O-O 8. d3 d5
9. Qe1 Nc6 10. Nbd2 Qc7 1/2-1/2

[Event "SG Ahaus-Wessum 1 - SG Turm Raesfeld/Er"]
[Site "Regionalliga Münsterland 2019"]
[Date "2020.02.01"]
[Round "6.7"]
[White "Suer, Julian"]
[Black "Gulik, Michal"]
[Result "1/2-1/2"]
[WhiteElo "1768"]
[BlackElo "1691"]
[PlyCount "34"]
[EventDate "2020.??.??"]
[SourceDate "2020.02.09"]

1. e4 e5 2. Nf3 Nc6 3. Bc4 d6 4. d4 exd4 5. Nxd4 Nf6 6. Nc3 Ne5 7. Bb3 Be7 8.
O-O O-O 9. h3 Bd7 10. Bf4 Qc8 11. Nf3 Ng6 12. Bg3 Nh5 13. Nd4 Nxg3 14. fxg3
Bxh3 15. gxh3 Qxh3 16. Nd5 Qxg3+ 17. Kh1 Qh3+ 1/2-1/2

[Event "SG Ahaus-Wessum 1 - SG Turm Raesfeld/Er"]
[Site "Regionalliga Münsterland 2019"]
[Date "2020.02.01"]
[Round "6.8"]
[White "Kernebeck, Daniel"]
[Black "Droste, Laurenz"]
[Result "1/2-1/2"]
[WhiteElo "1640"]
[BlackElo "1604"]
[PlyCount "29"]
[EventDate "2020.??.??"]
[SourceDate "2020.02.09"]

1. e4 e6 2. f4 b6 3. Nf3 Bb7 4. d3 Ne7 5. c3 g6 6. Be2 Bg7 7. O-O O-O 8. Na3 f5
9. e5 d6 10. d4 Be4 11. Nc2 a5 12. Ng5 Bxc2 13. Qxc2 Qd7 14. Be3 Nd5 15. Qd2
1/2-1/2